Programming languages, information structures, and machine organization /

Guardado en:
Autor Principal: Wegner, Peter.
Formato: Libro
Idioma:English
Publicado: New York : McGraw-Hill, c1968.
Series:McGraw-Hill computer science series
Etiquetas: Agregar Etiqueta
Sin Etiquetas, Sea el primero en etiquetar este registro!
LEADER 00615cam a22001815 4500
001 MAT.inmabb002059
008 680301s1968####nyua#####b####001#0#eng#d
005 20160809162248.0
245 1 0 |a Programming languages, information structures, and machine organization /  |c Peter Wegner. 
260 |a New York :  |b McGraw-Hill,  |c c1968. 
300 |a xx, 401 p. :  |b il. ;  |c 24 cm. 
440 0 |a McGraw-Hill computer science series 
504 |a Incluye referencias bibliográficas. 
510 4 |a MR,  |c 43 #4307 
100 1 |a Wegner, Peter. 
084 |a 68.00 (94.00)  |2 MR 
010 |a  68011623  
859 |h 68  |i W412p  |p A-3713  |b BIB. MATEMATICA